000 00429 a2200121 4500
001 ART_35112
005 20260410162005.0
008 260409a
245 1 0 _aUsucapión, con especial referencia a los automotores, en el Código Civil y Comercial de la Nación
100 1 _aMolina Quiroga, Eduardo
700 1 _aViggiola, Lidia E.
773 0 _tTemas de derecho civil
_g- Año 1, Nº 3 (dic. 2015)
_wREV34778
999 _c31613
_d31613